| 000 | 00918nam0a2200241 4500 | ||
|---|---|---|---|
| 001 | RU\NLR\BIBL_A\010359553 | ||
| 005 | 20250614042648.0 | ||
| 035 | _a(NLR Aleph) 010359553 | ||
| 090 |
_a10774769 _c10774769 |
||
| 100 | _a20140521d1933 |||y0rusy50 ca | ||
| 101 | 0 | _asah | |
| 102 | _aRU | ||
| 105 | _ay|||||||||||| | ||
| 200 | 1 |
_aБалыксыкка өйдөбүл _fСаха балыгын бырамыысыланнаһын судаарыстыбаннай тириеһэ _gБ. Б. Лебиеккин тылб. |
|
| 210 |
_aДьокуускай _cСаха балыгын бырамыысыланнаһын судаарыстыбаннай тириеһэ _d1933 |
||
| 215 |
_a13 с. _d20 |
||
| 300 | _aЛатин. графика | ||
| 541 | 1 |
_aПамятка для рыбаков _zrus |
|
| 686 | 1 | _aУ9(2)352 | |
| 852 |
_aNLR _bОНЛ _jЯкут./2-886 |
||
| 942 | _cBOOK | ||
| 980 | _aNB | ||